| 000 | 02052nam a22003137a 4500 | ||
|---|---|---|---|
| 001 | 287 | ||
| 003 | FISKH | ||
| 005 | 20230317095218.0 | ||
| 008 | 230316b cb ||||| |||| 00| 0 eng d | ||
| 040 |
_aDLC _cDLC _dDLC |
||
| 042 | _alcac | ||
| 050 | 0 | 0 | _aPZ7.L58474 |
| 082 | 0 | 0 |
_a823.912 _222 |
| 100 | 1 |
_aLewis, C. S. _q(Clive Staples), _d1898-1963. |
|
| 245 | 1 | 4 |
_aThe magician's nephew / _cC. S. Lewis. |
| 260 |
_aNew York, NY : _bHarperCollins, _c2009 |
||
| 300 |
_a171 p. _c18 cm. |
||
| 490 | 1 |
_aThe chronicles of Narnia ; _vbk. 1 |
|
| 500 | _aBook 1 of 7 in the classic series by C.S. Lewis. | ||
| 505 | _aM | ||
| 520 |
_aWhen Digory and Polly try to return the wicked witch Jadis to her own world, the magic gets mixed up and they all land in Narnia where they witness Aslan blessing the animals with human speech. _b"The first in the series of the classic fantasy tales - The Chronicles of Narnia. Written after The Lion, the Witch and the Wardrobe but designed by C.S.Lewis to be read first, this enchanting prequel - with its story of time travel, sorcery and magic rings - is essential reading for anyone who wants to learn the backstory to the biggest movie release of the year. Hurled back in time to the birth of a new world, two young friends get caught in the epic struggle between Aslan and his nemesis the White Witch. On 9 December 2005, Andrew (Shrek) Adamson's live-action film adaptation of The Lion, the Witch and the Wardrobe will be released by Disney, and it is already being hailed as the biggest film franchise of all time, guaranteed to appeal to adults and children across the globe. The second film is already in development." - Librarything |
||
| 521 | 8 |
_a790
_bLexile |
|
| 521 | 8 |
_aM
_bRaz-Plus |
|
| 650 | 1 | _aFantasy. | |
| 800 | 1 |
_aLewis, C. S. _q(Clive Staples), _d1898-1963. _tChronicles of Narnia (HarperCollins (Firm)) ; _vbk. 1. |
|
| 856 | 4 | 2 |
_3Publisher description _uhttp://www.loc.gov/catdir/enhancements/fy0633/2004113550-d.html |
| 906 |
_a7 _bcbc _corignew _d2 _eepcn _f20 _gy-gencatlg |
||
| 942 |
_2lcc _cBK _n0 |
||
| 999 |
_c287 _d287 |
||